| Tag |
First Indicator |
Second Indicator |
Subfields |
| LEADER |
00000cam a2200000 4500 |
| 001 |
in00000066207 |
| 005 |
20151008051844.0 |
| 008 |
711130s1962 mnu 00000 eng u |
| 010 |
|
|
|a 62012919
|
| 035 |
|
|
|a (OCoLC)00176759
|
| 035 |
|
|
|9 AAH0376AM
|
| 040 |
|
|
|c WSU
|d TXA
|d UtOrBLW
|
| 049 |
|
|
|a TXAM
|c [348178]
|
| 050 |
|
0 |
|a LA210
|b .F55
|
| 092 |
|
|
|a 370.973
|b F587c, 1962
|
| 100 |
1 |
|
|a Flaum, Laurence S.,
|d 1911-1996.
|
| 245 |
1 |
0 |
|a Credo for American public education.
|
| 264 |
|
1 |
|a Minneapolis :
|b Burgess Pub. Co.,
|c [1962]
|
| 300 |
|
|
|a 146 pages
|
| 336 |
|
|
|a text
|b txt
|2 rdacontent
|
| 337 |
|
|
|a unmediated
|b n
|2 rdamedia
|
| 338 |
|
|
|a volume
|b nc
|2 rdacarrier
|
| 650 |
|
0 |
|a Education
|x Aims and objectives.
|
| 650 |
|
0 |
|a Education
|z United States
|y 1945-
|
| 999 |
|
|
|a MARS
|
| 999 |
f |
f |
|s f9cd5ff6-f6e4-3aaf-83e2-54b489a95584
|i 7a298331-f64d-3980-a7e6-c452b41f439d
|t 0
|
| 952 |
f |
f |
|p normal
|a Texas A&M University
|b College Station
|c Sterling C. Evans Library
|d Evans: Library Stacks
|t 0
|e LA210 .F55
|h Library of Congress classification
|i unmediated -- volume
|m A14800827182
|
| 998 |
f |
f |
|a LA210 .F55
|t 0
|l Evans: Library Stacks
|